Los poetas épicos cristianos

Uloženo v:
Podrobná bibliografie
Hlavní autor: Pardo Bazán, Emilia (autora)
Médium: Kniha
Jazyk:španělština
Vydáno: Madrid Administración 1900
Edice:Obras Completas de Emilia Pardo Bazán, 13
Témata:
Tagy: Přidat tag
Žádné tagy, Buďte první, kdo vytvoří štítek k tomuto záznamu!

MARC

LEADER 00000nam a2200000 a 4500
001 UCY9728
003 CL-VaPUC
005 20230308104534.0
008 950720e19000000SP |||||||||||||||||spa|d
999 |c 236768  |d 236766 
040 |c Pontificia Universidad Católica de Valparaíso 
082 0 4 |a 864  |b PAR  |2 21 
100 |a Pardo Bazán, Emilia  |e autora  |9 319277 
245 1 4 |a Los poetas épicos cristianos 
260 |a Madrid  |b Administración  |c 1900 
300 |a 330 p 
490 0 |a Obras Completas de Emilia Pardo Bazán, 13 
583 |a last modification  |c 19950720 00:00:00  |k Rodrigo Vera 
600 0 |a Alighieri, Dante  |d 1265-1321  |9 880015 
600 0 |a Milton, John,   |d 1608-1674  |9 865844 
600 0 7 |a TASSO, BERNARDO  |2 CL-VaPUC  |9 342272 
600 0 7 |a KLOSPTOCK, FEDERICO  |2 CL-VaPUC  |9 342273 
650 0 |a Ensayos españoles  |9 313128 
650 0 |a Poesía épica   |9 269163 
650 0 |a Crítica literaria   |9 269189 
650 0 |a Literatura religiosa   |9 266283 
942 |c BK  |2 ddc 
945 |d 19950720 00:00:00  |a rbrito 
952 |0 0  |1 0  |4 0  |6 864_000000000000000_PAR_1900  |7 0  |8 P  |9 245092  |a BIBEDU  |b BIBEDU  |c BIBEDU_PB  |d 2019-11-18  |i 3102955  |o 864 PAR 1900  |p 3102955  |r 2024-01-25  |w 2019-11-18  |y BK  |k LIT